000
00445nam a2200133Ia 4500
008
100328s9999 xx 000 0 und d
082
_b
73876
100
_a
शेठ उषा.
245
_a
चाहूल कोवळ्या मनाची.
260
_b
नवचैतन्य.
630
_a
चाहूल कोवळ्या मनाची.
730
_a
चाहूल कोवळ्या मनाची.
942
_c
BOOK
999
_c
559597
_d
559594